| 000 | 00509nam a2200193 4500 | ||
|---|---|---|---|
| 003 | LK-CoMWRAF | ||
| 005 | 20240203104147.0 | ||
| 008 | 230830b2008 |||||||| |||| 00| 0 eng d | ||
| 020 | _a8171453321 | ||
| 040 |
_aLK-CoMWRAF _dLK-CoMWRAF _eLK-CoMWRAF |
||
| 041 | _aeng | ||
| 082 |
_a297.576 _bRAH |
||
| 100 | _aRahman, Atiqur | ||
| 245 |
_aISLAMIC DRESS: _bthe protector of women's modesty |
||
| 260 |
_aNew Delhi: _bAdam publishers, _c2008 |
||
| 300 | _a63 p. | ||
| 650 | _aISLAMIC DRESS-Women | ||
| 942 | _cBK | ||
| 999 |
_c3316 _d3316 |
||